| 000 -ლიდერი |
| ფიქსირებული სიგრძის საკონტროლო ველი |
02099nam a2200313Ia 4500 |
| 001 - საკონტროლო ნომერი |
| საკონტროლო ველი |
14811 |
| 003 - საკონტროლო ნომრის იდენტიფიკატორი |
| საკონტროლო ველი |
GE_BSU |
| 005 - ბოლო ოპერაციის თარიღი და დრო |
| საკონტროლო ველი |
20211202121459.0 |
| 008 - ფიქსირებული სიგრძის მონაცემთა ელემენტები - ზოგადი ინფორმაცია |
| ფიქსირებული სიგრძის საკონტროლო ველი |
181216s2010||||ge |||||||||||||| ||geo|| |
| 020 ## - წიგნის საერთაშორისო სტანდარტული ნომერი |
| International Standard Book Number |
9789941416712 |
| 040 ## - კატალოგიზაციის წყარო |
| Transcribing agency |
GE_BSU |
| 041 ## - ენის კოდი |
| Language code of text/sound track or separate title |
geo |
| 080 ## - უნივერსალური ათობითი კლასიფიკაციის ინდექსი |
| Universal Decimal Classification number |
123.1 რ-12 |
| 245 ## - ცნობა სათაურის შესახებ |
| Statement of responsibility, etc |
ჰელმუტ შნაიდერი, ლალი ზაქარაძე, გიორგი თავაძე [და სხვ.] ; [გრიგოლ რობაქიძის სახ. უნ-ტის ფილოს. და სოციალ. მეცნ. კვლევ. ინ-ტი]. |
| Title |
რა არის თავისუფლება? = What is freedom? : |
| Remainder of title |
დიდი მოაზროვნეები თავისუფლების არსის შესახებ : შარლ ლუი მონტესკიე, ჟან ჟაკ რუსო, გეორგ ვილჰელმ ფრიდრიხ ჰეგელი, ჰერბერტ სპენსერი, ერიხ ფრომი / |
| 264 ## - წარმოების, გამოცემის, დისტრიბუციის და სხვა ცნობები |
| გამოცემის, წარმოების, დისტრიბუციის... ადგილი |
თბილისი : |
| გამოცემის, წარმოების, დისტრიბუციის... სახელწოდება |
ნეკერი, |
| გამოცემის, წარმოების, დისტრიბუციის... თარიღი |
2010. |
| 300 ## - ფიზიკური აღწერა |
| Extent |
142 გვ; |
| Other physical details |
14 სმ. |
| 500 ## - ზოგადი შენიშვნა |
| General note |
თავფურ. ქართ. და ინგლ. |
| 501 ## - შენიშვნა თანმხლებ მასალაზე |
| With note |
სახელთა საძ.: გვ. 131-135. |
| 504 ## - BIBLIOGRAPHY, ETC. NOTE |
| Bibliography, etc |
ბიბლიოგრ. ტექსტ. შენიშვნ. |
| 520 ## - SUMMARY, ETC. |
| Summary, etc |
რეზ. ინგლ. |
| 653 ## - INDEX TERM--UNCONTROLLED |
| Uncontrolled term |
თავისუფლება |
| 700 ## - ADDED ENTRY--PERSONAL NAME |
| Personal name |
შნაიდერი, ჰელმუტ |
| Relator term |
ავტორი |
| 9 (RLIN) |
13146 |
| 700 ## - ADDED ENTRY--PERSONAL NAME |
| Personal name |
ზაქარაძე, ლალი |
| Relator term |
ავტორი |
| 9 (RLIN) |
13147 |
| 700 ## - ADDED ENTRY--PERSONAL NAME |
| Personal name |
თავაძე, გიორგი |
| Relator term |
ავტორი |
| 9 (RLIN) |
2230 |
| 700 ## - ADDED ENTRY--PERSONAL NAME |
| Personal name |
ლაბუჩიძე, დოდო |
| Relator term |
ავტორი |
| 9 (RLIN) |
6892 |
| 700 ## - ADDED ENTRY--PERSONAL NAME |
| Personal name |
ირემაძე, თენგიზ |
| Relator term |
ავტორი |
| 9 (RLIN) |
2229 |
| 710 ## - ADDED ENTRY--CORPORATE NAME |
| Corporate name or jurisdiction name as entry element |
გრიგოლ რობაქიძის სახ. უნ-ტი. |
| Subordinate unit |
ფილოს. და სოციალ. მეცნ. კვლევ. ინ-ტი |
| 9 (RLIN) |
6937 |
| 942 ## - ADDED ENTRY ELEMENTS (KOHA) |
| Koha item type |
წიგნი |
| Source of classification or shelving scheme |
|